Größte Länder, die aneinander grenzen - Statistiken

Allgemein
  • Dieses Quiz wurde 129 mal gespielt
  • Das Durchschnittsergebnis liegt bei 20 aus 22
Antwortstatistiken
Land % Korrekt
China
100%
Kanada
100%
Mexiko
100%
Russland
100%
Kasachstan
99%
Mongolei
99%
Brasilien
98%
Vereinigte Staaten
98%
Argentinien
96%
Indien
96%
Algerien
91%
Sudan
91%
Bolivien
90%
Demokratische Republik Kongo
90%
Peru
90%
Libyen
89%
Kolumbien
88%
Niger
84%
Tschad
84%
Mali
83%
Pakistan
77%
Angola
70%
Keine übereinstimmenden Quizze gefunden
Verteilung der Resultate
Anzahl Personen mit jedem Resultat
Perzentil nach korrekt beantworteten Fragen
Ihre Resultats-Entwicklung
Sie haben dieses Quiz noch nicht gespielt